Global funds and networks : (Registro nro. 14073)
[ vista simple ]
| 000 -LEADER | |
|---|---|
| fixed length control field | 00804cam a2200217 i 4500 |
| 001 - CONTROL NUMBER | |
| control field | 14073 |
| 003 - CONTROL NUMBER IDENTIFIER | |
| control field | Mx-PuUPA |
| 005 - DATE AND TIME OF LATEST TRANSACTION | |
| control field | 20251003104405.0 |
| 008 - FIXED-LENGTH DATA ELEMENTS--GENERAL INFORMATION | |
| fixed length control field | 140415s2014 a gr 000 0 eng d |
| 020 ## - INTERNATIONAL STANDARD BOOK NUMBER | |
| International Standard Book Number | 9783848719143 |
| 040 ## - CATALOGING SOURCE | |
| Transcribing agency | Mx-PuUPA |
| 041 0# - LANGUAGE CODE | |
| Language code of text/sound track or separate title | eng |
| 082 04 - DEWEY DECIMAL CLASSIFICATION NUMBER | |
| Classification number | xx |
| Item number | xx |
| Edition number | 23 |
| 245 ## - TITLE STATEMENT | |
| Title | Global funds and networks : |
| Remainder of title | narrowing the gap between global policies and national implementation / |
| Statement of responsibility, etc. | Lena Lázaro Rüther, Citlali Ayala Martínez, Ulrich Müller, editores |
| 300 ## - PHYSICAL DESCRIPTION | |
| Extent | 309 páginas : |
| Other physical details | ilustraciones ; |
| Dimensions | 23 cm |
| 700 1# - ADDED ENTRY--PERSONAL NAME | |
| Personal name | Lázaro Rüther, Lena, |
| Relator term | editor |
| 700 1# - ADDED ENTRY--PERSONAL NAME | |
| Personal name | Ayala Martínez, Citlali, |
| Relator term | editor |
| 9 (RLIN) | 17486 |
| 700 1# - ADDED ENTRY--PERSONAL NAME | |
| Personal name | Müller, Ulrich, |
| Relator term | editor |
| 942 ## - ADDED ENTRY ELEMENTS (KOHA) | |
| Source of classification or shelving scheme | Dewey Decimal Classification |
| Koha item type | Libro |
| Classification part | xx |
| Item part | xx |
| Withdrawn status | Lost status | Source of classification or shelving scheme | Damaged status | Not for loan | Collection code | Home library | Current library | Shelving location | Date acquired | Source of acquisition | Total Checkouts | Full call number | Barcode | Price effective from | Koha item type |
|---|---|---|---|---|---|---|---|---|---|---|---|---|---|---|---|
| Dewey Decimal Classification | En catalogación | General | Biblioteca Karol Wojtyla | Biblioteca Karol Wojtyla | Procesos técnicos | 03/12/2013 | Donación | xx | 49578 | 03/12/2013 | Libro |